Statistics for Smallest and Least Guessed Countries by Rank

Click here to take the quiz!

General Stats

  • This quiz has been taken 153 times
  • The average score is 16 of 20

Answer Stats

Rank Country % Correct
194.5Nauru
89%
185.5Saint Kitts and Nevis
89%
181.5Kiribati
89%
189Saint Vincent and
the Grenadines
88%
172.5Vanuatu
88%
187.5Palau
86%
189Marshall Islands
86%
181Saint Lucia
85%
192Tuvalu
84%
187.5Grenada
81%
181.5Comoros
79%
175Tonga
79%
175F. S. of Micronesia
78%
184São Tomé and Príncipe
78%
182Antigua and Barbuda
76%
176Seychelles
76%
172.5Cape Verde
71%
175.5Maldives
66%
172Brunei
62%
176.5San Marino
61%

Score Distribution

Percentile by Number Answered

Percent of People with Each Score

Your Score History

You have not taken this quiz